Tercera residencis (Record no. 141503)

MARC details
000 -LÍDER
campo de controle de tamanho fixo 00403 a2200181 4500
001 - NÚMERO DE CONTROLE
campo de controle 141503
040 ## - FONTE DA CATALOGAÇÃO
Instituição que transcreveu o registro Leonardo Da Vinci
041 ## - CÓDIGO DE IDIOMA
Código do idioma do texto/trilha sonora ou título diferente Espanhol
082 ## - CDD - CLASSIFICAÇÃO DECIMAL DE DEWEY
Número de Classificação 861 N367t
Número do exemplar N367t
100 ## - ENTRADA PRINCIPAL--NOME PESSOAL
Nome pessoal NERUDA, Pablo
245 ## - TÍTULO
Título Tercera residencis
250 ## - EDIÇÃO
Edição 2.ed
260 ## - PUBLICAÇÃO, DISTRIBUIÇÃO, ETC.
Nome do editor, distribuidor, etc. Losada
Data da publicação, distribuição, etc. 1966
Local de publicação, distribuição, etc. Buenos Aires
300 ## - DESCRIÇÃO FÍSICA
Extensão 101
362 ## - DATAS DE PUBLICAÇÃO E/OU DESIGNAÇÃO SEQUENCIAL
Datas de publicação e/ou designação sequencial 19660000
697 ## - ENTRADA DE ASSUNTO LOCAL--ENTIDADE COLETIVA (RLIN)
Nome corporativo ou nome da jurisdição Literatura
-- Poesia
-- Chile
942 ## - ELEMENTOS DE ENTRADA ADICIONADOS (KOHA)
Tipo de material Koha Livros
Holdings
Situação do descarte Situação das perdas Situação física Não pode ser emprestado Biblioteca de origem Biblioteca atual Data de aquisição Total de empréstimos Número de chamada completo Código de barras Data de último acesso Data do preço efetivo Tipo de material Koha
        Leonardo Da Vinci - Osasco Leonardo Da Vinci - Osasco 27/03/2024   861 N367t O003880 27/03/2024 27/03/2024 Livros